Länder Emoji Quiz - Statistiken

Allgemein
  • Dieses Quiz wurde 264 mal gespielt
  • Das Durchschnittsergebnis liegt bei 12 aus 13
Antwortstatistiken
Hint Antwort % Korrekt
🍺🥨🥔 Deutschland
100%
🥐🥖🍷 Frankreich
100%
🍝🍕🤌🏻 Italien
100%
🍶🍜🍣 Japan
97%
🍔🥞🏈 Vereinigte Staaten
97%
🍁🏒🏔️ Kanada
95%
🐉🥡🫖 China
93%
⛷️🫕⌚ Schweiz
90%
🥃🍺🍀 Irland
89%
🪇🪅🌮 Mexiko
88%
☀️⚽💃🏻 Brasilien
83%
🥝🐑🏉 Neuseeland
69%
🕋🏜️🛢️ Saudi Arabien
57%
Keine übereinstimmenden Quizze gefunden
Verteilung der Resultate
Anzahl Personen mit jedem Resultat
Perzentil nach korrekt beantworteten Fragen
Ihre Resultats-Entwicklung
Sie haben dieses Quiz noch nicht gespielt